[Event "Lee Cup"]
[Site "Beijing"]
[Date "1996.??.??"]
[Round "1"]
[White "Xu Jun"]
[Black "Wang Lei"]
[Result "1/2-1/2"]
[WhiteElo "2505"]
[BlackElo "2340"]

1.d4 d5 2.c4 dxc4 3.e4 Nf6 4.e5 Nd5 5.Bxc4 Nb6 6.Bd3 Nc6 7.Ne2 Nb4 8.Be4 f5
9.exf6 exf6 10.Nbc3 f5 11.Bf3 N4d5 12.Nxd5 Nxd5 13.O-O Be6 14.Re1 Kf7 15.Nf4 Nxf4
16.Bxf4 Bd6 17.Qd2 Rb8 18.d5 Bd7 19.g3 Qf8 20.Rac1 Rc8 21.Rc4 Bxf4 22.Qxf4 Qd6
23.Rec1 Qxf4 24.gxf4 Ke7 25.Rxc7 Kd6 26.R7c3 Rxc3 27.Rxc3 Rc8 28.Rb3 b6 29.Kg2 Rc4
30.Kg3 Ra4 31.a3 Rc4 32.h4 Rc2 33.h5 Be8 34.Re3 Bf7 35.b4 Rd2 36.Re5 g6 37.h6 Rd3
38.Re3 Rxe3 39.fxe3 Bxd5 40.Be2 Ke6 41.Kh4 Kf6 42.Ba6 Be6 43.Bb7 Bc4 44.Bc8 Bd5
45.Ba6 Be6 46.a4 Bb3 47.a5 bxa5 48.bxa5 Bd5 49.Bd3 Be6 50.Bb5 Bd5 51.Ba4 Bc4
52.Bc6 Be6 53.e4 fxe4 54.Bxe4 Bf5 55.Bd5 Be6 56.Bg2 Bf5 57.Bd5 Be6  1/2-1/2

[Event "Bern op"]
[Site "Bern"]
[Date "1996.??.??"]
[Round "6"]
[White "Begovac, Franja"]
[Black "Kamber, Bruno"]
[Result "0-1"]
[WhiteElo "2440"]
[BlackElo "2375"]

1.d4 d5 2.c4 dxc4 3.e4 c5 4.d5 Nf6 5.Nc3 e6 6.Bxc4 exd5 7.Nxd5 Be6 8.Bg5 Be7
9.Nxf6+ Bxf6 10.Bxe6 fxe6 11.Qh5+ g6 12.Bxf6 Qxf6 13.Qxc5 Qxb2 14.Qc8+ Ke7
15.Qc5+ Ke8 16.Rd1 Na6 17.Qd4 Qxd4 18.Rxd4 Ke7 19.Nf3 Rhd8 20.Ke2 Rxd4 21.Nxd4 Rd8
22.Ke3 e5 23.Nf3 Kf6 24.Rc1 Nb4 25.Rc5 Rd3+ 26.Ke2 Ra3 27.Nxe5 Rxa2+ 28.Ke3 Ke6
29.Nf3 Rxf2 30.Nd4+ Kd6 31.Rb5 Rb2 32.e5+ Kc7 33.Rc5+ Nc6 34.Nxc6 bxc6 35.Ra5 Rb7
36.Ra6 Kd7 37.Kd4 Rc7 38.g4 Rb7 39.g5 Rb4+ 40.Kc5 Rh4 41.Rxa7+ Ke6 42.Ra2 Kxe5
43.Kxc6 Kf4 44.Kd5 Kxg5 45.Ke6 Rf4 46.Ke5 Rb4 47.Rg2+ Kh4 48.Kf6 g5 49.Ra2 h5
50.Kg6 Rb6+ 51.Kf5 g4 52.Ra5 Kh3 53.Kf4 Rb4+ 54.Ke3 h4 55.Rh5 Rb2 56.Kf4 Rxh2  0-1

[Event "SLO-chT"]
[Site "Bled"]
[Date "1996.??.??"]
[Round "3"]
[White "Stojnic, Miodrag"]
[Black "Volcansek, Robert"]
[Result "1-0"]
[WhiteElo "2090"]
[BlackElo "1895"]

1.d4 d5 2.c4 dxc4 3.e4 e6 4.Nc3 a6 5.Bxc4 b5 6.Bb3 Bb7 7.d5 e5 8.Nf3 Bd6
9.Bg5 f6 10.Be3 Nd7 11.O-O Ne7 12.Re1 Ng6 13.Rc1 O-O 14.a3 Kh8 15.Ba2 b4
16.axb4 Bxb4 17.Nd2 Rc8 18.Qg4 c6 19.Red1 Bxc3 20.Rxc3 cxd5 21.exd5 Qe7 22.d6 Qd8
23.Bb1 e4 24.Bxe4 Bxe4 25.Qxe4 f5 26.Qa4 Rxc3 27.bxc3 f4 28.Bd4 a5 29.Nf3 Nf6
30.Bc5 Ng4 31.d7 Rg8 32.Qb5 N6e5 33.Nxe5 Nxe5 34.Bb6 Nf3+ 35.gxf3 Qh4 36.d8=Q  1-0

[Event "Bratto op"]
[Site "Bratto"]
[Date "1996.??.??"]
[Round "3"]
[White "Marinescu, Marian"]
[Black "Lanzani, Mario"]
[Result "0-1"]
[WhiteElo "2140"]
[BlackElo "2320"]

1.d4 d5 2.c4 dxc4 3.e4 Nc6 4.Be3 Nf6 5.Nc3 e5 6.d5 Ne7 7.Bxc4 a6 8.Nge2 Ng6
9.O-O Bd6 10.f3 Nh5 11.Qd2 O-O 12.g4 Nhf4 13.Nxf4 Nxf4 14.Bxf4 exf4 15.Ne2 h5
16.Rad1 hxg4 17.Nxf4 gxf3 18.Nd3 Qf6 19.e5 Bxe5 20.Nxe5 Qxe5 21.Rxf3 Bg4
22.Re1 Qd6 23.Rf4 Bd7 24.Qf2 Rae8 25.Rf1 Bh3 26.Rc1 Re5 27.Rf3 Rg5+ 28.Rg3 Rxg3+
29.Qxg3 Qxg3+ 30.hxg3 Re8 31.Bf1 Bxf1 32.Kxf1 Re7 33.b4 Rd7 34.Rc5 Kf8 35.Kf2 Ke7
36.Ke3 Kd6 37.Kd4 Re7 38.a3 Re1  0-1

[Event "POL-ch (Women)"]
[Site "Brzeg Dolny"]
[Date "1996.??.??"]
[Round "12"]
[White "Romaszko, Sylwia"]
[Black "Dworakowska, Joanna"]
[Result "1/2-1/2"]
[WhiteElo "2050"]
[BlackElo "2265"]

1.d4 d5 2.c4 dxc4 3.e4 Nc6 4.Be3 Nf6 5.Nc3 Ng4 6.Bxc4 Nxe3 7.fxe3 e6 8.Nf3 Be7
9.O-O O-O 10.a3 Na5 11.Ba2 c5 12.Qd3 b6 13.Rad1 cxd4 14.exd4 Bd7 15.b4 Nb7
16.Ne5 Rc8 17.Rf3 Nd6  1/2-1/2

[Event "Schneider mem op "]
[Site "Budapest"]
[Date "1996.??.??"]
[Round "?"]
[White "Dobos, Jozsef"]
[Black "Krizsany, Laszlo"]
[Result "0-1"]
[WhiteElo "2340"]
[BlackElo "2430"]

1.d4 d5 2.c4 dxc4 3.e4 c5 4.Nf3 cxd4 5.Bxc4 Nc6 6.O-O e6 7.e5 Nge7 8.Re1 Ng6
9.Nbd2 a6 10.a3 Be7 11.b4 b5 12.Ba2 Bb7 13.Re4 O-O 14.Bb2 Rc8 15.Qe2 Qc7
16.h4 Nxb4 17.axb4 Qc2 18.Bxd4 Bxe4 19.Qxe4 Bxb4 20.Bb3 Qxe4 21.Nxe4 a5 22.Bd1 Rfd8
23.Nd6 Bxd6 24.exd6 Rxd6 25.g3 a4 26.Be2 Rd5 27.Rb1 a3  0-1

[Event "Spring op"]
[Site "Budapest"]
[Date "1996.??.??"]
[Round "6"]
[White "Kis, Bela"]
[Black "Lehmann, Zoltan"]
[Result "0-1"]
[WhiteElo "2110"]
[BlackElo "2300"]

1.d4 d5 2.c4 dxc4 3.e4 Nf6 4.e5 Nd5 5.Bxc4 Nb6 6.Bb3 Nc6 7.Nf3 Bf5 8.Nc3 e6
9.Be3 Nb4 10.O-O Be7 11.a3 N4d5 12.Bc2 Bxc2 13.Qxc2 O-O 14.Ne4 h6 15.Ng3 Rc8
16.b4 Qd7 17.Qe4 Kh8 18.h4 Nxe3 19.fxe3 Nd5 20.Kh2 a5 21.Rh1 axb4 22.Kg1 bxa3
23.Ng5 g6 24.Nh5 b5  0-1

[Event "Budapest FS02 GM"]
[Site "Budapest"]
[Date "1996.??.??"]
[Round "6"]
[White "Varga, Peter"]
[Black "Fancsy, Imre"]
[Result "1/2-1/2"]
[WhiteElo "2420"]
[BlackElo "2365"]

1.d4 d5 2.c4 dxc4 3.e4 Nc6 4.Be3 Nf6 5.f3 e5 6.d5 Nd4 7.Bxc4 c5 8.dxc6 bxc6
9.Ne2 c5 10.Nbc3 Bd6 11.O-O O-O 12.Nc1 Rb8 13.Nd3 Qa5  1/2-1/2

[Event "HUN-ch"]
[Site "Budapest"]
[Date "1996.??.??"]
[Round "6"]
[White "Horvath, Jozsef"]
[Black "Gyimesi, Zoltan"]
[Result "1/2-1/2"]
[WhiteElo "2515"]
[BlackElo "2480"]

1.d4 d5 2.c4 dxc4 3.e4 c5 4.d5 e6 5.Nc3 exd5 6.Nxd5 Ne7 7.Bxc4 Nxd5 8.Bxd5 Be7
9.Ne2 O-O 10.O-O Na6 11.Nc3 Qb6 12.Bf4 Nc7 13.Bb3 Be6 14.Bxe6 fxe6 15.Qg4 Ne8
16.Rad1 Nf6 17.Qe2 Rad8 18.Be3 Qc6 19.f3  1/2-1/2

[Event "EU-ch Rapid-30'"]
[Site "Cap d`Agde"]
[Date "1996.??.??"]
[Round "?"]
[White "Van Wely, Loek"]
[Black "Hansen, Curt"]
[Result "1-0"]
[WhiteElo "2605"]
[BlackElo "2595"]

1.d4 d5 2.c4 dxc4 3.e4 Nc6 4.Be3 Nf6 5.f3 e5 6.d5 Nd4 7.Bxd4 exd4 8.Qxd4 c6
9.Nc3 cxd5 10.O-O-O Qb6 11.Qxb6 axb6 12.e5 Nd7 13.Rxd5 Bb4 14.Bxc4 Bxc3 15.bxc3 Nc5
16.Rd6 Ke7 17.Rxb6 Be6 18.Bxe6 fxe6 19.Kb1 Rhd8 20.Ne2 Rd2 21.Rb2 Rxb2+ 22.Kxb2 Nd3+
23.Ka1 Nxe5 24.Rb1 Ra7 25.Nd4 Nc4 26.Rb5 Kf6 27.f4 h6 28.g3 g5 29.Rb4 Nd6
30.Nb5 Nxb5 31.fxg5+ hxg5 32.Rxb5 g4 33.Rb4 Kg5 34.Kb2 e5 35.a4 Ra6 36.Kb3 b6
37.Kc4 Ra5 38.Kd3 Kf5 39.c4 Ra8 40.Kc3 Ra7 41.Kb3 Ra6 42.Rb5 Ke4 43.Kb4 Ra8
44.Rxb6 Kf3 45.Rf6+ Kg2 46.Re6 Kxh2 47.Rxe5 Kxg3 48.c5 Kf4 49.Re1 g3 50.c6 g2
51.a5 Re8 52.Rg1 Ke5 53.Kc5 Ra8 54.Rxg2 Rxa5+ 55.Kb6 Ra1 56.Rd2  1-0

[Event "Cappelle op"]
[Site "Cappelle la Grande "]
[Date "1996.??.??"]
[Round "1"]
[White "Ionov, Sergey"]
[Black "Danielian, Elina"]
[Result "1-0"]
[WhiteElo "2515"]
[BlackElo "2330"]

1.d4 d5 2.c4 dxc4 3.e4 c5 4.d5 Nf6 5.Nc3 b5 6.Bf4 Qa5 7.f3 g5 8.Bxg5 Bg7
9.Bd2 Nbd7 10.Nh3 Ne5 11.Nf2 b4 12.Qa4+ Qxa4 13.Nxa4 Nfd7 14.f4 Ng6 15.Bxc4 Bd4
16.Nd3 Nh4 17.g3 Nf3+ 18.Ke2 Nxd2 19.Kxd2 O-O 20.Rac1 Rd8 21.Rc2 Kg7 22.Bb3 f5
23.Naxc5 Nxc5 24.Nxc5 fxe4 25.Nxe4 Bf5 26.Re1 Rdc8 27.Rxc8 Rxc8 28.d6 e5
29.g4 Bd7 30.f5 Bxb2 31.Be6 Rd8 32.Bxd7 Rxd7 33.Kd3 a5 34.Kc4 Rd8 35.Kd5  1-0

[Event "Castellar op"]
[Site "?"]
[Date "1996.??.??"]
[Round "?"]
[White "Touzane, Olivier"]
[Black "Cifuentes Parada, Roberto"]
[Result "0-1"]
[WhiteElo "2500"]
[BlackElo "2490"]

1.d4 d5 2.c4 dxc4 3.e4 c5 4.d5 e6 5.Bxc4 Nf6 6.Nc3 exd5 7.Nxd5 Nxd5 8.Bxd5 Be7
9.Nf3 O-O 10.O-O Qb6 11.Bf4 Nc6 12.Qc2 Bg4 13.Bxc6 Qxc6 14.Ne5 Qc8 15.f3 Be6
16.Rfd1 c4 17.h3 Qc5+ 18.Qf2 Rfd8 19.Ng4 h5 20.Be3 Qa5 21.Rxd8+ Rxd8 22.Nh2 b6
23.f4 Rd3 24.Nf3 c3 25.bxc3 Qxc3 26.Rc1 Qxc1+ 27.Bxc1 Bc5 28.Ne1 Bxf2+ 29.Kxf2 Rd1  0-1

[Event "Ceske Budejovice op"]
[Site "Ceske Budejovice"]
[Date "1996.??.??"]
[Round "6"]
[White "Evseev, Denis"]
[Black "Kucera, Petr"]
[Result "1/2-1/2"]
[WhiteElo "2395"]
[BlackElo "2330"]

1.d4 d5 2.c4 dxc4 3.e4 e5 4.Nf3 Bb4+ 5.Bd2 Bxd2+ 6.Qxd2 exd4 7.Qxd4 Qxd4
8.Nxd4 Be6 9.Nxe6 fxe6 10.Bxc4 Ke7 11.Nc3 Nd7 12.O-O-O a6 13.f4 b5 14.Be2 b4
15.Na4 Ngf6 16.Rd4 c5 17.Rc4 Rhc8 18.Kb1 Ra7 19.Rhc1 Rac7 20.g4 h6 21.h4 g5
22.e5 Nd5 23.hxg5 hxg5 24.fxg5 Rg8 25.Nxc5 Nxc5 26.Rxc5 Rxc5 27.Rxc5 Rxg5
28.Bf3 Rxe5 29.Bxd5 exd5 30.Kc2 Kd6 31.Ra5 Rg5 32.Rxa6+ Kc5 33.Kb3 Rxg4 34.Ra5+ Kc6
35.Ra8 Kb5 36.Rb8+ Ka5 37.Ra8+ Kb5  1/2-1/2

[Event "Politiken Cup"]
[Site "Copenhagen"]
[Date "1996.??.??"]
[Round "9"]
[White "Nielsen, Carsten Juul"]
[Black "Hartman, Christer"]
[Result "0-1"]
[WhiteElo "2080"]
[BlackElo "2370"]

1.d4 d5 2.c4 dxc4 3.e4 Nc6 4.Nf3 Bg4 5.Bxc4 Bxf3 6.Qxf3 e6 7.d5 Ne5 8.Bb5+ c6
9.Qg3 cxb5 10.Qxe5 Qd6 11.Qxd6 Bxd6 12.dxe6 fxe6 13.Nc3 a6 14.Be3 Be5 15.Rb1 Nf6
16.f3 Rc8 17.Ne2 Ke7 18.O-O Rhd8 19.Rfc1 Rxc1+ 20.Rxc1 Bxb2 21.Rc7+ Rd7 22.Rc2 Be5
23.g3 Rc7 24.Rxc7+ Bxc7 25.Bd4 g6 26.Kf2 Nd7 27.Ke3 Ne5 28.h3 Kd7 29.Bc3 Nc6
30.f4 b4 31.Bb2 b5 32.g4 Na5 33.Kd3 b3 34.a3 Nc4 35.Kc3 Ba5+ 36.Kxb3 Nd2+
37.Kc2 Nxe4 38.Bd4 Kc6 39.Kd3 Kd5 40.Ba7 Bc7 41.Kc2 Kc4 42.Nd4 Bxf4  0-1

[Event "Politiken Cup"]
[Site "Copenhagen"]
[Date "1996.??.??"]
[Round "10"]
[White "Antonsen, Mikkel"]
[Black "Hansen, Lars"]
[Result "1/2-1/2"]
[WhiteElo "2410"]
[BlackElo "2250"]

1.d4 d5 2.c4 dxc4 3.e4 Nf6 4.e5 Nd5 5.Bxc4 Nb6 6.Bd3 Nc6 7.Be3 Nb4 8.Be4 f5
9.exf6 exf6 10.Nc3 f5 11.a3 fxe4 12.axb4 Bxb4 13.Qh5+ Kf8 14.Ne2 Qe8 15.Qh4 Kg8
16.O-O Bf5 17.Ng3 Bg6 18.Ngxe4 h6 19.d5 Bxe4 20.Nxe4 Nxd5 21.Bc5 Bxc5 22.Nxc5 b6
23.Nd3 Kh7 24.Qc4 Rd8 25.Rfe1 Qg6 26.Ne5 Qf5 27.g4 Qf6 28.Rad1 Rhf8 29.f3 Nf4
30.Qc2+  1/2-1/2

[Event "Politiken Cup"]
[Site "Copenhagen"]
[Date "1996.??.??"]
[Round "11"]
[White "Schneider, Stefan"]
[Black "Hartman, Christer"]
[Result "0-1"]
[WhiteElo "2225"]
[BlackElo "2370"]

1.d4 d5 2.c4 dxc4 3.e4 Nc6 4.Be3 Nf6 5.f3 e5 6.d5 Ne7 7.Bxc4 Ng6 8.Ne2 a6
9.Nbc3 Bd6 10.O-O O-O 11.a4 Nh5 12.g3 Ne7 13.Kh1 f5 14.exf5 Nxf5 15.Bf2 Nf6
16.Rc1 Ne7 17.Ng1 Qe8 18.Ne4 Nxe4 19.fxe4 Qg6 20.Qc2 Bd7 21.Be2 Kh8 22.Bf3 b6
23.b3 Rf6 24.Qe2 h6 25.Be3 b5 26.a5 b4 27.Qg2 Ng8 28.Bc5 Bb5 29.Rfe1 Raf8
30.Be3 Bd3 31.Red1 Rxf3 32.Rxd3 Qxe4 33.Nxf3 Qxd3 34.Re1 Qxb3 35.Nh4 Ne7
36.Qe2 Qxd5+ 37.Ng2 b3 38.Qxa6 Ra8 39.Qe2 Rxa5 40.Rd1 Ra2  0-1

[Event "Decin op"]
[Site "Decin"]
[Date "1996.??.??"]
[Round "5"]
[White "Kachur, Alexander"]
[Black "Hansson, Hakan"]
[Result "1-0"]
[WhiteElo "2290"]
[BlackElo "2205"]

1.d4 d5 2.c4 dxc4 3.e4 e5 4.Nf3 exd4 5.Bxc4 Nc6 6.O-O Bc5 7.Ng5 Nh6 8.Nxf7 Nxf7
9.Bxf7+ Kxf7 10.Qh5+ g6 11.Qxc5 Qe7 12.Qb5 Qxe4 13.Nd2 Qe5 14.Qb3+ Kg7 15.Nf3 Qe6
16.Qa3 Qe7 17.Qxe7+ Nxe7 18.Nxd4 Bd7 19.Bf4 Rhc8 20.Rfe1 Nd5 21.Be5+ Kg8
22.Rad1 c6 23.f4 Re8 24.a3 Rac8 25.g3 Nb6 26.Nb3 Bg4 27.Rc1 Nd7 28.Bc3 Be6
29.Na5 Nc5 30.b4 Nd3 31.Nxb7 Nxc1 32.Rxc1 Re7 33.Nd6 Rd8 34.Bf6 Rxd6 35.Bxe7 Rd7
36.Bf6 Bd5 37.Rc5 Be4 38.Kf2 a6 39.Ke3 Bg2 40.g4 Kf7 41.Bh4 Ke6 42.f5+ gxf5
43.gxf5+ Kf7 44.Re5 Rd5 45.Re7+ Kf8 46.f6 h5 47.Bg3 Rf5 48.Be5 Bd5 49.Kd4 Rf3
50.Ra7 Rxa3 51.Bd6+ Kg8 52.Rg7+ Kh8 53.Be5 Ra4 54.f7 Bxf7 55.Rxf7+ Kg8 56.Rg7+ Kf8
57.Rb7 Ra3 58.Ra7 Ke8 59.Kc5 Ra4 60.Kd6 Rxb4 61.Ke6  1-0

[Event "RUS-ch"]
[Site "Elista"]
[Date "1996.??.??"]
[Round "6"]
[White "Notkin, Maksim"]
[Black "Volzhin, Alexander"]
[Result "0-1"]
[WhiteElo "2520"]
[BlackElo "2485"]

1.d4 d5 2.c4 dxc4 3.e4 e5 4.Nf3 exd4 5.Bxc4 Nc6 6.Qb3 Bb4+ 7.Bd2 Bxd2+ 8.Nbxd2 Nh6
9.O-O O-O 10.h3 Qe7 11.Rac1 Rd8 12.Bd5 Ne5 13.Nxe5 Qxe5 14.Nf3 Qf4 15.g3 Qd6
16.Rfd1 c6 17.Bc4 Qe7 18.Kg2 Qxe4 19.Re1 Qf5 20.g4 Qf4 21.Rcd1 c5 22.Re5 b6
23.Bd5 Be6 24.Rde1 Bxd5 25.Qxd5 g6 26.Qb7 d3 27.R1e3 Nxg4 28.R3e4 Qxf3+ 29.Kxf3 Nxe5+
30.Rxe5 d2 31.Rd5 Rab8 32.Qc6 d1=Q+ 33.Rxd1 Rxd1 34.Qc7 Rbd8 35.Qxa7 R8d6
36.a4 Kg7 37.a5 bxa5 38.Qxc5 R1d5 39.Qc3+ Rf6+ 40.Kg2 Rf5 41.f3 Rxf3 42.Qxa5 Rf2+
43.Kg1 Rxb2 44.Qe5 Rf2 45.Qd4 h5 46.Qe5 h4 47.Qd4 Rf4 48.Qe5 Kh7  0-1

[Event "FIN-chT 9596"]
[Site "FIN"]
[Date "1996.??.??"]
[Round "8"]
[White "Kekki, Petri"]
[Black "Westerinen, Heikki MJ"]
[Result "1/2-1/2"]
[WhiteElo "2350"]
[BlackElo "2410"]

1.d4 d5 2.c4 dxc4 3.e4 e5 4.Nf3 exd4 5.Bxc4 Bb4+ 6.Nbd2 Nc6 7.O-O Be6 8.Bxe6 fxe6
9.Nb3 d3 10.Be3 Nf6 11.Nbd4 Nxd4 12.Nxd4 Qe7 13.Qxd3 O-O 14.Qc4 Rfe8 15.Rac1 Ba5
16.Bg5 Qf7 17.Nf3 Qg6 18.Bxf6 Qxf6 19.a4 Bb6 20.b4 a5 21.b5 Re7 22.Rcd1 Rf8
23.Kh1 Qb2 24.Rd2 Qb4 25.Qc2 Ref7 26.Rb1 Qa3 27.Qb3 Qxb3 28.Rxb3 g5 29.h3 h5
30.Nxg5 Rxf2 31.Rxf2 Rxf2 32.Rf3 Ra2 33.Nxe6 Rxa4 34.e5 Ra1+ 35.Kh2 h4 36.Rf8+ Kh7
37.Rf7+ Kg8 38.Rf8+ Kh7 39.Rf7+ Kg8  1/2-1/2

[Event "FRA-chT"]
[Site "France"]
[Date "1996.??.??"]
[Round "?"]
[White "Inkiov, Ventzislav"]
[Black "Lautier, Joel"]
[Result "0-1"]
[WhiteElo "2500"]
[BlackElo "2630"]

1.d4 d5 2.c4 dxc4 3.e4 Nc6 4.Nf3 Bg4 5.Bxc4 e6 6.Be3 Bxf3 7.gxf3 Qf6 8.Bb5 Bb4+
9.Nc3 Ne7 10.a3 Ba5 11.f4 O-O-O 12.e5 Qh4 13.Qa4 a6 14.Bxc6 Nxc6 15.O-O-O Bxc3
16.bxc3 g5 17.fxg5 Nxe5 18.Rhg1 Nc6 19.Qc2 Qxh2 20.Rh1 Qd6 21.Qb3 Na5 22.Qb4 Qd5
23.Bf4 Nc4 24.a4 Rd7 25.Rh4 e5 26.Bg3 Rhd8 27.Re1 a5 28.Qb3 Rd6 29.Bxe5 Rb6
30.Qc2 Na3 31.Qf5+ Kb8 32.Bxc7+ Kxc7 33.Re7+ Kb8 34.Qxd5 Rxd5 35.Rxh7 Rxg5
36.Rhxf7 Nc4 37.Kc2 Rg1 38.Rf8+ Ka7 39.Ree8 Rb2+ 40.Kd3 Nb6 41.Re5 Rd1+ 42.Ke4 Re2+
43.Kf3 Rxe5 44.dxe5 Re1  0-1

[Event "Geneve op"]
[Site "Geneve"]
[Date "1996.??.??"]
[Round "3"]
[White "Touzane, Olivier"]
[Black "Pinkus, Lutz"]
[Result "1-0"]
[WhiteElo "2500"]
[BlackElo "2185"]

1.d4 d5 2.c4 dxc4 3.e4 e5 4.Nf3 exd4 5.Bxc4 Bb4+ 6.Nbd2 Nc6 7.O-O Be6 8.Bxe6 fxe6
9.Qb3 Bxd2 10.Bxd2 e5 11.Rac1 Rb8 12.Ng5 Qd7 13.Rxc6 Qxc6 14.Qf7+ Kd8 15.Ne6+ Kc8
16.Rc1  1-0

[Event "OL-SW 9596"]
[Site "GER"]
[Date "1996.??.??"]
[Round "?"]
[White "Steinheimer, Juergen"]
[Black "Ottstadt, Ralph"]
[Result "1/2-1/2"]
[WhiteElo "2210"]
[BlackElo "2260"]

1.d4 d5 2.c4 dxc4 3.e4 Nf6 4.e5 Nd5 5.Bxc4 Nb6 6.Be2 Bf5 7.Nc3 e6 8.Bf3 c6
9.Nge2 Na6 10.O-O Be7 11.a3 Qd7 12.b4 Nc7 13.Be4 Ncd5 14.Bxf5 exf5 15.Qb3 a6
16.Nxd5 Nxd5 17.Qg3 g6 18.Bh6 Qe6 19.Nf4 Nxf4 20.Qxf4 Rg8 21.Bg5 Bxg5 22.Qxg5 Rd8
23.Rfd1 h5 24.a4 Rd5 25.Rab1 Kd7 26.Qe3 Rc8 27.Qe2 Ke8 28.b5 cxb5 29.axb5 a5
30.b6 Qd7 31.g3 Kf8 32.h4 Rxd4 33.Qf3 Rxd1+ 34.Rxd1 Qc6 35.Qa3+ Qc5 36.Rd8+ Ke7
37.Qxc5+ Rxc5 38.Rb8 Rb5 39.Rxb7+ Kf8  1/2-1/2

[Event "BL2-N9596"]
[Site "Germany"]
[Date "1996.??.??"]
[Round "?"]
[White "Paulsen, Dirk"]
[Black "Blauert, Joerg"]
[Result "1-0"]
[WhiteElo "2325"]
[BlackElo "2390"]

1.d4 d5 2.c4 dxc4 3.e4 e5 4.Nf3 exd4 5.Bxc4 Bb4+ 6.Nbd2 Nc6 7.O-O Nf6 8.e5 Nd5
9.Nb3 Nb6 10.Bb5 Qd5 11.Bxc6+ bxc6 12.Qxd4 Qxd4 13.Nfxd4 Bd7 14.Bd2 a5 15.Rfc1 Na4
16.Bxb4 axb4 17.Nxc6 Bxc6 18.Rxc6 Nxb2 19.Rxc7 O-O 20.g3 g5 21.Nc5 Rfc8 22.Rxc8+ Rxc8
23.Rb1 Rxc5 24.Rxb2 Rxe5 25.Rxb4 Re2 26.a4 Ra2 27.h4 h6 28.Kg2 Kg7 29.Kf3 Kg6
30.Ke3 f6 31.hxg5 hxg5 32.g4 Ra3+ 33.Ke4 Ra2 34.f4 gxf4 35.Kxf4 Ra3 36.Ke4 Rc3
37.Kd4 Rc1 38.Rc4 Rb1 39.Kc5 Kg5 40.a5 Ra1 41.Kb5 Rb1+ 42.Rb4 Re1 43.a6 Re5+
44.Kb6 Re6+ 45.Ka5 Re7 46.Ra4  1-0

[Event "BL2-N9596"]
[Site "Germany"]
[Date "1996.??.??"]
[Round "?"]
[White "Heinig, Wolfram"]
[Black "Hegeler, Frank"]
[Result "1/2-1/2"]
[WhiteElo "2320"]
[BlackElo "2250"]

1.d4 d5 2.c4 dxc4 3.e4 e5 4.Nf3 Bb4+ 5.Bd2 Bxd2+ 6.Nbxd2 exd4 7.Bxc4 Nc6
8.O-O Qf6 9.e5 Qg6 10.Nh4 Qg4 11.g3 Nge7 12.Re1 Qxd1 13.Raxd1 Be6 14.Bxe6 fxe6
15.Nb3 Kf7 16.Nf3 h6 17.Nfxd4 Rhd8 18.Nxc6 Nxc6  1/2-1/2

[Event "Baden-Alsace mJ"]
[Site "Germany"]
[Date "1996.??.??"]
[Round "1"]
[White "Harovelo, Ingmar"]
[Black "Schuh, Hubert"]
[Result "1-0"]
[WhiteElo "2240"]
[BlackElo "2305"]

1.d4 d5 2.c4 dxc4 3.e4 e5 4.Nf3 exd4 5.Bxc4 Bb4+ 6.Bd2 Bxd2+ 7.Nbxd2 Nc6
8.O-O Nh6 9.Nb3 Bg4 10.Bb5 O-O 11.Bxc6 bxc6 12.h3 Bxf3 13.Qxf3 Rb8 14.Rac1 Qd6
15.Rc4 f5 16.Rxd4 Qe5 17.Qe2 fxe4 18.Rxe4 Qb5 19.Rc1 Qxe2 20.Rxe2 Rb6 21.Rec2 Rf6
22.Na5 Nf5 23.Nxc6 h6 24.b3 a6 25.Rc5 Kh7 26.g3 Rb5 27.Rxb5 axb5 28.Nb4 Rf7
29.Nd5  1-0

[Event "Koop Tjuchem op"]
[Site "Groningen"]
[Date "1996.??.??"]
[Round "2"]
[White "Gerard, Nicolas"]
[Black "Skomorokhin, Roman"]
[Result "0-1"]
[WhiteElo "2215"]
[BlackElo "2450"]

1.d4 d5 2.c4 dxc4 3.e4 e5 4.Nf3 exd4 5.Bxc4 Nc6 6.O-O Be6 7.Bxe6 fxe6 8.Qb3 Qd7
9.Qxb7 Rb8 10.Qa6 Nf6 11.e5 Ne4 12.Rd1 Nc5 13.Qc4 Rb4 14.Qf1 Be7 15.Nbd2 O-O
16.a3 Rbb8 17.b4 Na4 18.Nc4 Nc3 19.Rd2 a5 20.Qd3 axb4 21.Bb2 Qd5 22.Re1 bxa3
23.Bxc3 dxc3 24.Qxc3 Bb4 25.Qc2 Bxd2 26.Rd1 Nb4  0-1

[Event "Haarlem op"]
[Site "Haarlem"]
[Date "1996.??.??"]
[Round "2"]
[White "Erwich, Frans AGM"]
[Black "Jonkman, Harmen"]
[Result "0-1"]
[WhiteElo "2175"]
[BlackElo "2325"]

1.d4 d5 2.c4 dxc4 3.e4 Nf6 4.Nc3 e5 5.Nf3 exd4 6.Nxd4 a6 7.Bxc4 c5 8.Qb3 Qe7
9.Nde2 b5 10.Bd5 Bb7 11.Bg5 Nc6 12.O-O O-O-O 13.Nxb5 axb5 14.Qxb5 Na7 15.Qc4 Bxd5
16.exd5 Kb8 17.Nc3 Qc7 18.Bf4 Bd6 19.Bxd6 Rxd6 20.Rfd1 Rb6 21.Na4 Rb4 22.Qc2 Rc8
23.Rac1 Nd7 24.a3 Rd4 25.Qb3+ Qb7 26.Qg3+ Ka8 27.b4 cxb4 28.axb4 Qxd5 29.Qf3 Qxf3
30.gxf3 Rxc1 31.Rxc1 Rxb4  0-1

[Event "HUN-chT2 9596"]
[Site "HUN"]
[Date "1996.??.??"]
[Round "9"]
[White "Dudas, Jan"]
[Black "Donka, Peter"]
[Result "1-0"]
[WhiteElo "2315"]
[BlackElo "2270"]

1.d4 d5 2.c4 dxc4 3.e4 c5 4.d5 e6 5.Nc3 exd5 6.Qxd5 Qxd5 7.Nxd5 Bd6 8.Bxc4 Nf6
9.Nxf6+ gxf6 10.Be3 Nc6 11.Rd1 Ne5 12.Be2 Ke7 13.f4 Nc6 14.Nf3 b6 15.O-O Be6
16.e5 fxe5 17.fxe5 Bxe5 18.Nxe5 Nxe5 19.Bg5+ Ke8 20.Bb5+ Kf8 21.Rde1 h6 22.Rxe5 hxg5
23.Rxe6 Rd8 24.Rc6 Rd2 25.Rc7 Rh7 26.Bc4 Rh4 27.Rcxf7+ Ke8 28.Rf8+  1-0

[Event "Kilkenny op"]
[Site "Kilkenny"]
[Date "1996.??.??"]
[Round "1"]
[White "Raoof, Adam"]
[Black "Brady, Stephen"]
[Result "0-1"]
[WhiteElo "2070"]
[BlackElo "2305"]

1.d4 d5 2.c4 dxc4 3.e4 Nf6 4.e5 Nd5 5.Bxc4 Nb6 6.Bb3 Nc6 7.Ne2 Bf5 8.Nbc3 e6
9.O-O Be7 10.Be3 Na5 11.Bc2 Bg6 12.Ng3 Nac4 13.Bxg6 hxg6 14.Qe2 Bb4 15.Nge4 Bxc3
16.Nxc3 Qh4 17.h3 c6 18.b3 Nxe3 19.fxe3 Nd5 20.Nxd5 exd5 21.Rf4 Qe7 22.Raf1 O-O
23.Qf3 Rae8 24.h4 f6 25.exf6 Qxe3+ 26.Qxe3 Rxe3 27.f7+ Kh7 28.Kf2 Re7 29.Kg3 g5
30.hxg5 Kg6 31.b4 Rexf7 32.Rxf7 Rxf7 33.Rxf7 Kxf7 34.Kf4 Ke6 35.a4 g6 36.g4 Kd6  0-1

[Event "SLO-ch U18"]
[Site "Kranj"]
[Date "1996.??.??"]
[Round "1"]
[White "Starcic, Tadej"]
[Black "Smole, T."]
[Result "1-0"]
[WhiteElo "1895"]
[BlackElo "1680"]

1.d4 d5 2.c4 dxc4 3.e4 e6 4.Nc3 Nf6 5.Bxc4 Bb4 6.e5 Nd5 7.Ne2 Nc6 8.O-O Bxc3
9.bxc3 h6 10.a4 O-O 11.Qd3 Bd7 12.Qg3 Nce7 13.Bd3 Kh8 14.Bc2 Nf5 15.Qd3 g6
16.Ng3 Nxg3 17.fxg3 h5 18.Bh6 Kg8 19.Qf3 Qe7 20.g4 hxg4 21.Qxg4 Kh7 22.Bg5 f6
23.Bxg6+ Kg8 24.exf6 Qd6 25.f7+ Kg7 26.Bf6+  1-0

[Event "Le Touquet op"]
[Site "Le Touquet"]
[Date "1996.??.??"]
[Round "?"]
[White "Villeneuve, Alain"]
[Black "Levin, Felix"]
[Result "0-1"]
[WhiteElo "2320"]
[BlackElo "2480"]

1.d4 d5 2.c4 dxc4 3.e4 Nc6 4.Nf3 Bg4 5.Be3 Bxf3 6.gxf3 e6 7.Bxc4 Qf6 8.e5 Qh4
9.Bd3 O-O-O 10.Be4 Bb4+ 11.Nc3 Nge7 12.Qa4 Nd5 13.Bxd5 Rxd5 14.O-O-O Bxc3
15.bxc3 Rxe5 16.c4 Ra5 17.Qb3 Rd8 18.f4 Qf6 19.Qb2 Ra4 20.Qb3 Ra6 21.d5 Qa1+
22.Kc2 Rxa2+ 23.Kd3 Qf6 24.Ke4 Qf5+ 25.Kf3 Qh3+ 26.Ke4 Rxf2 27.Qxb7+ Kxb7
28.dxc6+ Kxc6 29.Bxf2 f5+  0-1

[Event "Liechtenstein op"]
[Site "Liechtenstein"]
[Date "1996.??.??"]
[Round "4"]
[White "Gaertner, Guntram"]
[Black "Schmitz, Michael"]
[Result "1-0"]
[WhiteElo "2350"]
[BlackElo "2120"]

1.d4 d5 2.c4 dxc4 3.e4 e5 4.Nf3 exd4 5.Bxc4 Bb4+ 6.Nbd2 Nc6 7.O-O Nf6 8.e5 Nd5
9.a3 Bxd2 10.Bxd2 O-O 11.Bg5 Qd7 12.Qe2 h6 13.Bd2 Nb6 14.Bd3 Qd5 15.h3 Re8
16.Rfe1 Bd7 17.Rac1 Rad8 18.b4 f6 19.Rc5 Qf7 20.Qe4 f5 21.Qe2 Be6 22.b5 Nb8
23.Rcc1 c6 24.g4 fxg4 25.Nh4 Rf8 26.Ng6 gxh3 27.Nxf8 Rxf8 28.f4 Qd7 29.Kh2 Bg4
30.Qf2 Qd5 31.Be4 Qd7 32.Bb4 Rf7 33.Bg6 Nd5 34.Bxf7+ Qxf7 35.Bd2  1-0

[Event "Wch U20"]
[Site "Medellin"]
[Date "1996.??.??"]
[Round "12"]
[White "Kacheishvili, Giorgi"]
[Black "Gyimesi, Zoltan"]
[Result "1/2-1/2"]
[WhiteElo "2515"]
[BlackElo "2480"]

1.d4 d5 2.c4 dxc4 3.e4 c5 4.Nf3 cxd4 5.Qxd4 Qxd4 6.Nxd4 Bd7 7.Bxc4 Nc6 8.Be3 e6
9.Nxc6 Bxc6 10.Nd2 Nf6 11.f3 Nd7 12.Rc1 Bd6 13.O-O Ke7 14.Nb3 Rac8 15.Na5 b6
16.Nxc6+ Rxc6 17.Bb5 Rxc1 18.Rxc1 e5 19.Kf2 Nc5 20.b4 Ne6 21.Rc4 Rd8 22.a3 Bb8
23.g3 f6 24.h4 Rd1 25.Rc8 Rd8 26.Rc1 Nd4 27.Bf1 Rd7 28.Rc8 Rd8 29.Rc4 Bd6
30.h5 a5  1/2-1/2

[Event "Metz op"]
[Site "Metz"]
[Date "1996.??.??"]
[Round "?"]
[White "Quenette, Remi"]
[Black "Alawieh, Amine"]
[Result "0-1"]
[WhiteElo "1960"]
[BlackElo "2260"]

1.d4 d5 2.c4 dxc4 3.e4 Nc6 4.Be3 Nf6 5.f3 e5 6.d5 Ne7 7.Bxc4 a6 8.Nc3 Ng6
9.Qd2 Bd6 10.g3 Bd7 11.h4 b5 12.Bb3 Nh5 13.Nce2 Qe7 14.a3 h6 15.Rh2 a5 16.g4 Nhf4
17.h5 Nxe2 18.Nxe2 Nh4 19.Kf2 Qf6 20.Ng1 Bxg4 21.Qe2 Bd7 22.Kg3 g5 23.Rc1 Qe7  0-1